Propuesta del Sistema Contable WORKSYSTEM para la Compañía de Importaciones y Representaciones S.A COIRSA
Presenta propuesta de un sistema contable automatizado para la compañía importaciones y representaciones S.A, que involucra criterios técnicos que permitan tomar decisiones que contribuyan al buen manejo de los recursos de la empresa. Además presenta análisis y diseño del sistema contable WORK...
| Main Authors: | , , |
|---|---|
| Other Authors: | |
| Format: | Tesis Section = Libro |
| Language: | Undetermined Spanish |
| Published: |
Managua
UNI
2003
|
| Subjects: |
| LEADER | 01196nam a2200253Ia 4500 | ||
|---|---|---|---|
| 008 | 240830s9999 xx 000 0 und d | ||
| 040 | |a BIBLIOTECA-RUPAP MOn 657.8 E77 | ||
| 041 | |a spa | ||
| 082 | |a MOn 657.8 E77 | ||
| 100 | 1 | |a Espinoza Valle, Eddy Francisco | |
| 100 | 1 | |b Padilla Narváez, María José | |
| 100 | 1 | |c García Arguello, Johanne María | |
| 245 | 1 | 0 | |a Propuesta del Sistema Contable WORKSYSTEM para la Compañía de Importaciones y Representaciones S.A COIRSA |
| 260 | |a Managua |b UNI |c 2003 | ||
| 300 | |a 282 p. :il. | ||
| 500 | |a Contiene: anexos y apéndice. | ||
| 502 | |a Tesis (Ingeniero de Sistemas)- UNI, 2003. | ||
| 520 | 3 | |a Presenta propuesta de un sistema contable automatizado para la compañía importaciones y representaciones S.A, que involucra criterios técnicos que permitan tomar decisiones que contribuyan al buen manejo de los recursos de la empresa. Además presenta análisis y diseño del sistema contable WORKSISTEM y una propuesta del sistema contable automatizado. | |
| 650 | 7 | |a CONTABILIDAD-EMPRESA | |
| 650 | 7 | |b SISTEMA CONTABLE AUTOMATIZADO. | |
| 700 | 1 | |a Tutor: |b García Rivero, Mara | |
| 942 | |c BK |2 ddc | ||
| 991 | |a TESIS | ||
| 999 | |c 16825 | ||